Fundamentos de la responsabilidad extracontractual de la Administración publica / (Registro nro. 39320)

Detalles MARC
000 -LEADER
fixed length control field 01051nam a2200277 4500
001 - CONTROL NUMBER
control field 0000021119
003 - CONTROL NUMBER IDENTIFIER
control field CO-CtgCURN
005 - DATE AND TIME OF LATEST TRANSACTION
control field 20250429224118.0
007 - PHYSICAL DESCRIPTION FIXED FIELD--GENERAL INFORMATION
fixed length control field ta
008 - FIXED-LENGTH DATA ELEMENTS--GENERAL INFORMATION
fixed length control field 160627s2004 000 0 eng d
020 ## - INTERNATIONAL STANDARD BOOK NUMBER
International Standard Book Number 9586906612
040 ## - CATALOGING SOURCE
Original cataloging agency CO-CtgCURN
Language of cataloging spa
Transcribing agency coctgcurn
082 0# - DEWEY DECIMAL CLASSIFICATION NUMBER
Classification number 350.986
Item number R15f
100 1# - MAIN ENTRY--PERSONAL NAME
Personal name Ramos Acevedo, Jairo.
245 10 - TITLE STATEMENT
Title Fundamentos de la responsabilidad extracontractual de la Administración publica /
Statement of responsibility, etc. Jairo Ramos Acevedo.
260 ## - PUBLICATION, DISTRIBUTION, ETC.
Place of publication, distribution, etc. Bogotá :
Name of publisher, distributor, etc. Leyer,
Date of publication, distribution, etc. 2004.
300 ## - PHYSICAL DESCRIPTION
Extent iii, 266 p.
336 ## - CONTENT TYPE
Source rdacontent
337 ## - MEDIA TYPE
Source rdamedia
Media type term sin mediacion
Media type code n
338 ## - CARRIER TYPE
Source rdacarrier
Carrier type term volumen
Carrier type code nc
505 8# - FORMATTED CONTENTS NOTE
Formatted contents note Aspectos generales de la responsabilidad.--El daño.--La relacion de causalidad.--Responsabilidad extracontractual del estado.--La responsabilidad extracontractual de la rama jurisdicciónal y legislativa del estado
650 14 - SUBJECT ADDED ENTRY--TOPICAL TERM
Topical term or geographic name entry element Daños y perjuicios.
908 ## - PUT COMMAND PARAMETER (RLIN)
Put command parameter 160627
942 ## - ADDED ENTRY ELEMENTS (KOHA)
Koha item type Libros
Classification part 350.986
Item part R15f
Source of classification or shelving scheme Dewey Decimal Classification
Existencias
Withdrawn status Lost status Source of classification or shelving scheme Damaged status Not for loan Collection Home library Current library Shelving location Date acquired Inventory number Total checkouts Full call number Barcode Date last seen Price effective from Koha item type Public note
    Dewey Decimal Classification     General Miguel Henríquez Castañeda Miguel Henríquez Castañeda General 04/29/2025 014250   350.986 R15f 014250 04/29/2025 04/29/2025 Libros 350-ADM.P